[Event "SLO-ch U10 Girls"]
[Site "Ptuj"]
[Date "2017.03.03"]
[Round "9"]
[White "Kodric, Zana"]
[Black "Lukac, Ema"]
[Result "0-1"]
[WhiteElo "1624"]
[BlackElo "1680"]
[PlyCount "54"]
[EventDate "2017.02.27"]
[EventType "swiss"]
[EventRounds "9"]
[EventCountry "SLO"]
[SourceTitle "CBM 177 Extra"]
[Source "ChessBase"]
[SourceDate "2017.04.27"]
[SourceVersion "1"]
[SourceVersionDate "2017.04.27"]
[SourceQuality "1"]

1. e4 c5 2. Nf3 d6 3. d4 cxd4 4. Nxd4 Nf6 5. Nc3 e6 6. Bg5 Be7 7. Nde2 b6 8. Qd2 Bb7 9. 0-0-0 Bxe4 10. Nxe4 Nxe4 11. Bxe7 Qxe7 12. Qe3 d5 13. Qd4 Qg5+ 14. Kb1 0-0 15. Rg1 Nc6 16. Qe3 Qf6 17. Ng3 Nxf2 18. Rd2 Ng4 19. Qd3 Nce5 20. Qc3 Rac8 21. Qb4 Nc4 22. Bxc4 Rxc4 23. Nh5 Qg5 24. Qd6 Qxd2 25. Qg3 Qxc2+ 26. Ka1 Qc1+ 27. Rxc1 Rxc1# 0-1

[Event "SLO-ch U10 Girls"]
[Site "Ptuj"]
[Date "2017.03.02"]
[Round "8"]
[White "Kodric, Zana"]
[Black "Radej, Pika"]
[Result "1-0"]
[WhiteElo "1624"]
[BlackElo "1632"]
[PlyCount "47"]
[EventDate "2017.02.27"]
[EventType "swiss"]
[EventRounds "9"]
[EventCountry "SLO"]
[SourceTitle "CBM 177 Extra"]
[Source "ChessBase"]
[SourceDate "2017.04.27"]
[SourceVersion "1"]
[SourceVersionDate "2017.04.27"]
[SourceQuality "1"]

1. e4 c5 2. Nf3 e6 3. Nc3 Nc6 4. d3 h6 5. Be3 d6 6. d4 cxd4 7. Nxd4 Nf6 8. Nxc6 bxc6 9. Be2 d5 10. exd5 cxd5 11. 0-0 Bb4 12. Qd2 Ne4 13. Qd4 Nxc3 14. Qxb4 Nxe2+ 15. Kh1 Ba6 16. Qa4+ Qd7 17. Qxa6 d4 18. Rad1 Qe7 19. Qc6+ Qd7 20. Qxa8+ Ke7 21. Qxh8 Qc6 22. Bxd4 Nxd4 23. Rxd4 Qxc2 24. Qd8# 1-0

[Event "SLO-ch U10 Girls"]
[Site "Ptuj"]
[Date "2017.03.01"]
[Round "5"]
[White "Kodric, Zana"]
[Black "Groselj, Jerneja"]
[Result "0-1"]
[WhiteElo "1624"]
[BlackElo "1604"]
[PlyCount "82"]
[EventDate "2017.02.27"]
[EventType "swiss"]
[EventRounds "9"]
[EventCountry "SLO"]
[SourceTitle "CBM 177 Extra"]
[Source "ChessBase"]
[SourceDate "2017.04.27"]
[SourceVersion "1"]
[SourceVersionDate "2017.04.27"]
[SourceQuality "1"]

1. e4 e5 2. Nf3 Nc6 3. Bc4 Bc5 4. d3 h6 5. 0-0 Nf6 6. Nc3 0-0 7. h3 d6 8. Re1 Bd7 9. Be3 Bb6 10. a3 Re8 11. Bxb6 axb6 12. Nd5 Nxd5 13. Bxd5 Rc8 14. Nh2 Qg5 15. Qc1 Qg6 16. Bxc6 bxc6 17. b4 Bxh3 18. g3 Re6 19. Qe3 Rce8 20. c3 Bg4 21. Nxg4 Qxg4 22. d4 Rg6 23. Kg2 Rg5 24. dxe5 dxe5 25. Red1 Rh5 26. Rh1 Rg5 27. Rad1 Re6 28. Rd8+ Kh7 29. Qd3 Rh5 30. Rxh5 Qxh5 31. Qf3 Qg6 32. Qd3 Rf6 33. Qd7 Qxe4+ 34. Kh3 Rxf2 35. Qe8 Qf5+ 36. g4 Qf3+ 37. Kh4 Qf6+ 38. Kh3 Rf3+ 39. Kh2 Qh4+ 40. Kg2 Qh3+ 41. Kg1 Rf1# 0-1

[Event "SLO-ch U10 Girls"]
[Site "Ptuj"]
[Date "2017.02.27"]
[Round "2"]
[White "Kodric, Zana"]
[Black "Brinovec, Lucy"]
[Result "0-1"]
[WhiteElo "1624"]
[BlackElo "1046"]
[PlyCount "66"]
[EventDate "2017.02.27"]
[EventType "swiss"]
[EventRounds "9"]
[EventCountry "SLO"]
[SourceTitle "CBM 177 Extra"]
[Source "ChessBase"]
[SourceDate "2017.04.27"]
[SourceVersion "1"]
[SourceVersionDate "2017.04.27"]
[SourceQuality "1"]

1. e4 e5 2. Nf3 Nc6 3. Bc4 Bc5 4. 0-0 Nf6 5. Nc3 0-0 6. Re1 d6 7. d3 h6 8. Be3 Bb6 9. h3 Be6 10. Bxe6 fxe6 11. a3 d5 12. Bxb6 axb6 13. Qe2 Nd4 14. Nxd4 exd4 15. Nb5 Qd7 16. Nxd4 c5 17. Nf3 dxe4 18. dxe4 Rad8 19. Red1 Qe7 20. Rxd8 Rxd8 21. e5 Nd5 22. Qe4 Rf8 23. Qg6 Nf4 24. Qg4 Nd5 25. g3 c4 26. Rd1 Qc5 27. Qg6 Ne7 28. Qxe6+ Kh8 29. Nh4 Rxf2 30. Qc8+ Nxc8 31. Re1 Rxc2+ 32. Kh1 Qf2 33. Rg1 Qh2# 0-1